Tóm tắt lý thuyết và phương pháp giải toán vật lý Trung học Phổ thông : Giải toán vật lý 10

Shranjeno v:
Bibliografske podrobnosti
Glavni avtor: Lê, Văn Thông
Format: Knjiga
Jezik:Undetermined
Izdano: Hà Nội Hà Nội 2006
Teme:
Oznake: Označite
Brez oznak, prvi označite!
Thư viện lưu trữ: Trung tâm Học liệu Trường Đại học Cần Thơ
LEADER 00801nam a2200241Ia 4500
001 CTU_106622
008 210402s9999 xx 000 0 und d
020 |c 28000 
082 |a 530.0712 
082 |b Th455/L10 
100 |a Lê, Văn Thông 
245 0 |a Tóm tắt lý thuyết và phương pháp giải toán vật lý Trung học Phổ thông : 
245 0 |b Giải toán vật lý 10 
245 0 |c Lê Văn Thông 
260 |a Hà Nội 
260 |b Hà Nội 
260 |c 2006 
526 |a Phương pháp giảng dạy bài tập vật lý phổ thông 
526 |b SP361 
650 |a Physics 
650 |x Study and teaching 
904 |i Tuyến, Q. Hiếu (sửa) 
980 |a Trung tâm Học liệu Trường Đại học Cần Thơ